FIG guide on development of a vertical reference surface for hydrography (Record no. 106035)

MARC details
000 -LEADER
fixed length control field 00974cam a2200217 4500
001 - CONTROL NUMBER
control field ##L135388
008 - FIXED-LENGTH DATA ELEMENTS--GENERAL INFORMATION
fixed length control field 061023n2006 000 0 eng u
035 ## - SYSTEM CONTROL NUMBER
System control number (Sirsi) u135388
041 0# - LANGUAGE CODE
Language code of text/sound track or separate title eng
050 04 - LIBRARY OF CONGRESS CALL NUMBER
Classification number 526.99 $2 18
110 2# - MAIN ENTRY--CORPORATE NAME
Corporate name or jurisdiction name as entry element Federation Internationale des Geometres
9 (RLIN) 5065
245 00 - TITLE STATEMENT
Title FIG guide on development of a vertical reference surface for hydrography
260 ## - PUBLICATION, DISTRIBUTION, ETC.
Place of publication, distribution, etc. Fredericksberg
Name of publisher, distributor, etc. FIG
Date of publication, distribution, etc. 2006
490 #0 - SERIES STATEMENT
Series statement FIG Publication
Volume/sequential designation 37
520 ## - SUMMARY, ETC.
Summary, etc. This guide is designed to be a resource for those who wish to develop a model of the separation between vertical surfaces relevant to hydrography. Provides an overview and definitions and covers the definition/creation of a transformational model, surveying without directly measuring tides and includes four case studies.
590 ## - LOCAL NOTE (RLIN)
Local note IKA311006
651 #4 - SUBJECT ADDED ENTRY--GEOGRAPHIC NAME
Geographic name International
690 ## - LOCAL SUBJECT ADDED ENTRY--TOPICAL TERM (OCLC, RLIN)
Topical term or geographic name as entry element Hydrography
9 (RLIN) 6245
856 40 - ELECTRONIC LOCATION AND ACCESS
Uniform Resource Identifier <a href="https://www.fig.net">https://www.fig.net</a>
Public note View the guide free of charge at www.fig.net...
942 ## - ADDED ENTRY ELEMENTS (KOHA)
Suppress in OPAC 0
Holdings
Withdrawn status Lost status Source of classification or shelving scheme Damaged status Not for loan Home library Current library Shelving location Date acquired Total Checkouts Full call number Barcode Date last seen Copy number Price effective from Koha item type
    Dewey Decimal Classification     Virtual Virtual Online 23/10/2006   ONLINE PUBLICATION 135388-2001 06/08/2019 1 06/08/2019 Book